[Event "SRB-chT2 East"]
[Site "Serbia"]
[Date "2017.09.09"]
[Round "2.4"]
[White "Petrovic, Tamara"]
[Black "Radisavljevic, Dalibor"]
[Result "0-1"]
[WhiteElo "1862"]
[BlackElo "1871"]
[PlyCount "116"]
[EventDate "2017.09.08"]
[EventType "team-tourn"]
[EventRounds "11"]
[EventCountry "SRB"]
[SourceTitle "EXT 2022"]
[Source "ChessBase"]
[SourceDate "2021.10.06"]
[SourceVersion "1"]
[SourceVersionDate "2021.10.06"]
[SourceQuality "1"]

1. e4 d6 2. d4 Nf6 3. Nc3 g6 4. Nf3 Bg7 5. Bc4 0-0 6. 0-0 c5 7. h3 Nbd7 8. Be3 cxd4 9. Nxd4 Qc7 10. Be2 a6 11. Qc1 b5 12. Nd5 Nxd5 13. exd5 Nb6 14. Bf3 Bb7 15. Rd1 Rac8 16. c3 Nc4 17. Bg5 Ne5 18. Be4 e6 19. Nf3 f5 20. Nxe5 fxe4 21. Nc6 Bxc6 22. dxc6 d5 23. Bh6 Bxh6 24. Qxh6 Qf4 25. Qxf4 Rxf4 26. Rd4 Rxc6 27. Rad1 Rf7 28. R1d2 Rb7 29. Kf1 Kf7 30. Ke2 a5 31. a3 Kf6 32. Ke3 Ke5 33. Re2 Rcb6 34. Red2 Rf7 35. Re2 Rb8 36. Red2 g5 37. Re2 h5 38. Rdd2 g4 39. hxg4 hxg4 40. Re1 Rh8 41. Rdd1 b4 42. axb4 axb4 43. Re2 bxc3 44. bxc3 Rc8 45. Rc1 Rfc7 46. Rec2 Kf5 47. Kd2 Kf4 48. Ke2 Rc4 49. Kd2 e5 50. Ra1 d4 51. Ra3 Rxc3 52. Rcxc3 Rxc3 53. Ra7 e3+ 54. fxe3+ Rxe3 55. Rf7+ Kg3 56. Rg7 Ra3 57. Rg5 Kf4 58. Rg8 Ra2+ 0-1

[Event "Senta op 20th"]
[Site "Senta"]
[Date "2016.07.26"]
[Round "6"]
[White "Petrovic, Tamara"]
[Black "Pajzer, Istvan"]
[Result "1/2-1/2"]
[WhiteElo "1741"]
[BlackElo "2112"]
[PlyCount "117"]
[EventDate "2016.07.22"]
[EventType "swiss"]
[EventRounds "9"]
[EventCountry "SRB"]
[SourceTitle "EXT 2017"]
[Source "ChessBase"]
[SourceDate "2016.10.25"]
[SourceVersion "1"]
[SourceVersionDate "2016.10.25"]
[SourceQuality "1"]

1. e4 c5 2. Nf3 d6 3. d4 cxd4 4. Nxd4 Nf6 5. Nc3 a6 6. Bg5 e6 7. f4 Nbd7 8. Qf3 Qc7 9. 0-0-0 b5 10. a3 Bb7 11. Bd3 Rc8 12. Bxf6 gxf6 13. Kb1 d5 14. exd5 Bxa3 15. Ncxb5 axb5 16. Nxb5 Qb6 17. Nxa3 Bxd5 18. Be4 Rb8 19. b3 Bxe4 20. Qxe4 Nc5 21. Qd4 0-0 22. Qxf6 Ne4 23. Qd4 Nf2 24. Qxb6 Rxb6 25. Rhf1 Nxd1 26. Rxd1 Rc8 27. Kb2 Kg7 28. Rd4 Kf6 29. c4 h5 30. Nb5 h4 31. Nd6 Rcb8 32. Nb5 Rg8 33. Rd2 Rg4 34. Rf2 Rb8 35. Nd6 Rbg8 36. Ne4+ Ke7 37. g3 f5 38. Nc5 hxg3 39. hxg3 Rxg3 40. Rd2 Rg2 41. Rxg2 Rxg2+ 42. Kc3 Rg3+ 43. Kd4 Rf3 44. Nd3 Rf1 45. b4 Kd6 46. b5 Rd1 47. c5+ Kc7 48. Kc3 Rf1 49. Kd4 Rf3 50. Kc4 Re3 51. Nf2 e5 52. fxe5 Rxe5 53. Nd3 Re8 54. Kd5 Rd8+ 55. Kc4 Re8 56. Kd5 Re2 57. Nf4 Re3 58. b6+ Kb7 59. Ng6 1/2-1/2

[Event "SRB-chT2 East"]
[Site "Vrnjacka Banja"]
[Date "2015.10.10"]
[Round "10.58"]
[White "Veselinov, Ivica"]
[Black "Petrovic, Tamara"]
[Result "1-0"]
[WhiteElo "1956"]
[BlackElo "1793"]
[PlyCount "71"]
[EventDate "2015.08.28"]
[EventType "team-tourn"]
[EventRounds "11"]
[EventCountry "SRB"]
[SourceTitle "EXT 2022"]
[Source "ChessBase"]
[SourceDate "2021.10.06"]
[SourceVersion "1"]
[SourceVersionDate "2021.10.06"]
[SourceQuality "1"]

1. e4 c5 2. Nf3 d6 3. c4 Bg4 4. g3 Nc6 5. Bg2 Nf6 6. Nc3 g6 7. d3 Bg7 8. 0-0 0-0 9. h3 Bxf3 10. Bxf3 e6 11. a3 a6 12. Rb1 Nd7 13. Bg2 Rb8 14. Qd2 b5 15. cxb5 axb5 16. b4 cxb4 17. axb4 Nd4 18. Ne2 Qb6 19. Bb2 Rfc8 20. Nxd4 Bxd4 21. Kh2 Ne5 22. f4 Nc6 23. f5 Be3 24. Qe1 e5 25. Qd1 Nxb4 26. fxg6 hxg6 27. Qb3 Rb7 28. Qxb4 Rc2 29. Qb3 Rbc7 30. Rf6 Qa5 31. Rd1 Kg7 32. Rf3 Re2 33. d4 exd4 34. Rxe3 Rxe3 35. Bxd4+ Kg8 36. Qxe3 1-0

[Event "SRB-chT2 East"]
[Site "Vrnjacka Banja"]
[Date "2015.10.09"]
[Round "7.28"]
[White "Petrovic, Tamara"]
[Black "Pavlovic, Branka"]
[Result "1/2-1/2"]
[WhiteElo "1793"]
[BlackElo "1840"]
[PlyCount "36"]
[EventDate "2015.08.28"]
[EventType "team-tourn"]
[EventRounds "11"]
[EventCountry "SRB"]
[SourceTitle "EXT 2022"]
[Source "ChessBase"]
[SourceDate "2021.10.06"]
[SourceVersion "1"]
[SourceVersionDate "2021.10.06"]
[SourceQuality "1"]

1. Nf3 Nf6 2. c4 e6 3. d4 c5 4. a3 b6 5. Nc3 Bb7 6. e3 cxd4 7. Nxd4 Be7 8. Qc2 d6 9. e4 Nbd7 10. Be2 a6 11. 0-0 Rc8 12. f3 0-0 13. Be3 Ne5 14. Qb3 Nfd7 15. Na4 Qc7 16. Rac1 Nc5 17. Qd1 Rfd8 18. Nc3 Ng6 1/2-1/2

[Event "SRB-ch U20 Girls"]
[Site "Knic"]
[Date "2015.08.17"]
[Round "9"]
[White "Petrovic, Tamara"]
[Black "Petrovic, Tijana"]
[Result "1/2-1/2"]
[WhiteElo "1793"]
[BlackElo "1769"]
[PlyCount "22"]
[EventDate "2015.08.11"]
[EventType "tourn"]
[EventRounds "9"]
[EventCountry "SRB"]
[SourceTitle "EXT 2016"]
[Source "ChessBase"]
[SourceDate "2015.10.08"]
[SourceVersion "1"]
[SourceVersionDate "2015.10.08"]
[SourceQuality "1"]

1. e4 e5 2. Nf3 Nc6 3. Bc4 Bc5 4. 0-0 Nf6 5. d3 0-0 6. Nc3 h6 7. Nd5 d6 8. Be3 Bxe3 9. Nxe3 Bd7 10. Qd2 Ne7 11. c3 Ng6 1/2-1/2

[Event "SRB-ch U20 Girls"]
[Site "Knic"]
[Date "2015.08.15"]
[Round "7"]
[White "Gajcin, Jasmina"]
[Black "Petrovic, Tamara"]
[Result "0-1"]
[WhiteElo "1870"]
[BlackElo "1793"]
[PlyCount "60"]
[EventDate "2015.08.11"]
[EventType "tourn"]
[EventRounds "9"]
[EventCountry "SRB"]
[SourceTitle "EXT 2016"]
[Source "ChessBase"]
[SourceDate "2015.10.08"]
[SourceVersion "1"]
[SourceVersionDate "2015.10.08"]
[SourceQuality "1"]

1. e4 c5 2. Nf3 d6 3. Bb5+ Bd7 4. c4 Nf6 5. Nc3 g6 6. d4 cxd4 7. Nxd4 Bg7 8. 0-0 0-0 9. Bxd7 Nbxd7 10. b3 a6 11. Bb2 Rc8 12. Qd2 Qc7 13. Rfe1 Qb8 14. Nd5 Rfe8 15. Rac1 Nc5 16. f3 b6 17. Red1 Ncd7 18. Ba1 Qb7 19. Qe2 Bh6 20. Rc2 e5 21. Nf5 gxf5 22. Nxf6+ Nxf6 23. Rxd6 Qe7 24. c5 Rxc5 25. Rxc5 Qxd6 26. Rc2 fxe4 27. fxe4 Rd8 28. Kf2 b5 29. g4 Bf4 30. h4 Qd3 0-1

[Event "SRB-ch U20 Girls"]
[Site "Knic"]
[Date "2015.08.14"]
[Round "5"]
[White "Milosevic, Jovana"]
[Black "Petrovic, Tamara"]
[Result "1-0"]
[WhiteElo "2119"]
[BlackElo "1793"]
[PlyCount "83"]
[EventDate "2015.08.11"]
[EventType "tourn"]
[EventRounds "9"]
[EventCountry "SRB"]
[SourceTitle "EXT 2016"]
[Source "ChessBase"]
[SourceDate "2015.10.08"]
[SourceVersion "1"]
[SourceVersionDate "2015.10.08"]
[SourceQuality "1"]

1. Nf3 c5 2. c4 Nc6 3. d4 cxd4 4. Nxd4 Nf6 5. Nc3 e6 6. g3 Qb6 7. Nc2 Ne5 8. Ne3 Bb4 9. Bg2 Qc5 10. Qb3 Nfg4 11. Nxg4 Nxg4 12. 0-0 Ne5 13. a3 Bxc3 14. Qxc3 f6 15. b3 d5 16. Be3 Qc7 17. Bd4 Nd7 18. cxd5 Qxc3 19. Bxc3 exd5 20. Bxd5 Nb6 21. Bg2 0-0 22. Bd4 Be6 23. b4 Nc4 24. Bxb7 Rab8 25. Bg2 a5 26. Bc5 Rfc8 27. Rfd1 Nxa3 28. Rxa3 axb4 29. Ra5 b3 30. Be4 b2 31. Rb1 f5 32. Bd3 Rb3 33. Kg2 Bd5+ 34. f3 Be6 35. Bd4 Rcb8 36. Kf2 g6 37. Be5 R8b7 38. Ra6 Bd5 39. Rd6 Bf7 40. Rd8+ Be8 41. Rxe8+ Kf7 42. Rc8 1-0

[Event "SRB-ch U20 Girls"]
[Site "Knic"]
[Date "2015.08.13"]
[Round "4"]
[White "Petrovic, Tamara"]
[Black "Injac, Teodora"]
[Result "0-1"]
[WhiteElo "1793"]
[BlackElo "2161"]
[PlyCount "94"]
[EventDate "2015.08.11"]
[EventType "tourn"]
[EventRounds "9"]
[EventCountry "SRB"]
[SourceTitle "EXT 2016"]
[Source "ChessBase"]
[SourceDate "2015.10.08"]
[SourceVersion "1"]
[SourceVersionDate "2015.10.08"]
[SourceQuality "1"]

1. Nf3 Nf6 2. c4 g6 3. Nc3 Bg7 4. e4 d6 5. d4 0-0 6. Be2 Nbd7 7. 0-0 e5 8. Be3 h6 9. h3 exd4 10. Nxd4 Re8 11. Qc2 Nc5 12. Bd3 Nfd7 13. Rad1 Nxd3 14. Qxd3 Nc5 15. Qc2 Bd7 16. Nde2 Qe7 17. Nd5 Qxe4 18. Qxe4 Rxe4 19. Nxc7 Rc8 20. Bxc5 Rxc7 21. Bxd6 Rcxc4 22. Ng3 Re8 23. Ba3 Bc6 24. Rc1 Rxc1 25. Rxc1 Rd8 26. Nf1 h5 27. Ne3 Bh6 28. Rd1 Rxd1+ 29. Nxd1 a5 30. Bc5 b5 31. b4 a4 32. Be3 Bg7 33. a3 Bd5 34. Bc1 Kf8 35. Ne3 Bc6 36. Kf1 Ke7 37. Ke2 Ke6 38. Kd3 f5 39. f3 Bd5 40. Kd2 Bb3 41. Kd3 f4 42. Nf1 Bc4+ 43. Ke4 Bxf1 44. Bxf4 Bxg2 45. h4 Bb2 46. Bd2 Bxa3 47. Kd4 Bxf3 0-1

[Event "SRB-ch U18 Girls"]
[Site "Vrbas"]
[Date "2015.04.14"]
[Round "8"]
[White "Petrovic, Tamara"]
[Black "Misic, Jana"]
[Result "1-0"]
[WhiteElo "1929"]
[BlackElo "1470"]
[PlyCount "75"]
[EventDate "2015.04.09"]
[EventType "swiss"]
[EventRounds "9"]
[EventCountry "SRB"]
[SourceTitle "EXT 2016"]
[Source "ChessBase"]
[SourceDate "2015.10.08"]
[SourceVersion "1"]
[SourceVersionDate "2015.10.08"]
[SourceQuality "1"]

1. Nf3 Nf6 2. c4 e6 3. Nc3 Bb4 4. d4 c5 5. Qc2 cxd4 6. Nxd4 Nc6 7. Nxc6 bxc6 8. a3 Bxc3+ 9. Qxc3 d5 10. e3 a5 11. b3 0-0 12. Bb2 Re8 13. f4 Nh5 14. 0-0-0 Qf6 15. Qc2 Qh6 16. Bd3 f6 17. Qf2 e5 18. g3 e4 19. Be2 f5 20. h3 Nf6 21. g4 Qg6 22. g5 Nh5 23. Qh4 Qf7 24. Qxh5 Qxh5 25. Bxh5 g6 26. Be2 Ba6 27. Rd2 Red8 28. Rhd1 Rab8 29. Kc2 Kf7 30. Bc3 a4 31. b4 Rdc8 32. cxd5 Bxe2 33. Rxe2 cxd5 34. Rxd5 Rc7 35. Kb2 Rbc8 36. Bd4 Ra8 37. Bc5 Rb7 38. Red2 1-0

[Event "SRB-ch U18 Girls"]
[Site "Vrbas"]
[Date "2015.04.13"]
[Round "6"]
[White "Petrovic, Tamara"]
[Black "Rakic, Teodora"]
[Result "1/2-1/2"]
[WhiteElo "1929"]
[BlackElo "1962"]
[PlyCount "44"]
[EventDate "2015.04.09"]
[EventType "swiss"]
[EventRounds "9"]
[EventCountry "SRB"]
[SourceTitle "EXT 2016"]
[Source "ChessBase"]
[SourceDate "2015.10.08"]
[SourceVersion "1"]
[SourceVersionDate "2015.10.08"]
[SourceQuality "1"]

1. Nf3 Nf6 2. c4 g6 3. Nc3 Bg7 4. e4 d6 5. d4 0-0 6. Be2 Nbd7 7. 0-0 e5 8. Be3 Re8 9. Qc2 Ng4 10. Bg5 f6 11. Bd2 h5 12. h3 Nh6 13. Rad1 c6 14. Be3 Qe7 15. Rd2 Nf8 16. Rfd1 g5 17. c5 dxc5 18. dxe5 Nf7 19. exf6 Bxf6 20. Nh2 h4 21. Ng4 Bg7 22. Bf3 Be6 1/2-1/2

[Event "SRB-ch U18 Girls"]
[Site "Vrbas"]
[Date "2015.04.10"]
[Round "2"]
[White "Petrovic, Tamara"]
[Black "Gajcin, Jasmina"]
[Result "1-0"]
[WhiteElo "1929"]
[BlackElo "1960"]
[PlyCount "89"]
[EventDate "2015.04.09"]
[EventType "swiss"]
[EventRounds "9"]
[EventCountry "SRB"]
[SourceTitle "EXT 2016"]
[Source "ChessBase"]
[SourceDate "2015.10.08"]
[SourceVersion "1"]
[SourceVersionDate "2015.10.08"]
[SourceQuality "1"]

1. Nf3 Nf6 2. c4 c5 3. Nc3 g6 4. e4 Nc6 5. d4 cxd4 6. Nxd4 Bg7 7. Be3 0-0 8. Be2 d6 9. 0-0 Nxd4 10. Bxd4 Bd7 11. Qd2 Bc6 12. f3 Nd7 13. Be3 a5 14. b3 Nc5 15. Rad1 Qb6 16. Rb1 Rfc8 17. Rfe1 Qd8 18. Bf1 h5 19. Bf2 Kh7 20. Bd3 Qh8 21. Ne2 Ne6 22. Bc2 Bd7 23. f4 b5 24. Bd3 Nd4 25. Rbc1 Nxe2+ 26. Qxe2 Bc3 27. Rf1 Bg4 28. Qc2 Bd4 29. f5 bxc4 30. bxc4 h4 31. fxg6+ fxg6 32. e5 Bxf2+ 33. Rxf2 Qg7 34. exd6 exd6 35. Rcf1 Rc7 36. Rf4 Bh5 37. Rxh4 Rb8 38. Rxh5+ Kg8 39. Rd5 Rb2 40. Qa4 Re7 41. Rxd6 Kh8 42. c5 Qe5 43. Qh4+ Rh7 44. Rd8+ Kg7 45. Rd7+ 1-0

[Event "SRB-ch U18 Girls"]
[Site "Pozarevac"]
[Date "2015.01.14"]
[Round "9"]
[White "Petrovic, Tamara"]
[Black "Petrovic, Tijana"]
[Result "1/2-1/2"]
[WhiteElo "1726"]
[BlackElo "1830"]
[PlyCount "22"]
[EventDate "2015.01.09"]
[EventType "swiss"]
[EventRounds "9"]
[EventCountry "SRB"]
[SourceTitle "EXT 2016"]
[Source "ChessBase"]
[SourceDate "2015.10.08"]
[SourceVersion "1"]
[SourceVersionDate "2015.10.08"]
[SourceQuality "1"]

1. Nf3 Nf6 2. c4 e6 3. d4 Bb4+ 4. Bd2 c5 5. Bxb4 cxb4 6. Nbd2 d5 7. Qa4+ Nc6 8. Ne5 Qa5 9. Qxa5 Nxa5 10. cxd5 Nxd5 11. e4 Nf6 1/2-1/2